Представление документа в формате RUSMARC

ПолеНазваниеЗначение
  Тип записи c
  Библиографический уровень m
001 Контрольный номер RU/УОНБ/EK_N/654522997
005 Дата корректировки 20250520123022.3
010 Индекс ISBN __
9 Тираж 100000 экз.
013 Номер (ISMN) __
d Цена 30 к.
071 Издательские номер (звукозапись и ноты) 21
a Номер, присвоенный агентством 12263
100 Данные общей обработки __
a Данные общей обработки 20200927d1983 u y0rusy0189||||ca
101 Язык документа 0_
a Язык текста rus
f Язык титульного листа rus
102 Страна публикации __
a Страна публикации RU
105 Кодированные данные (монография) __
a Кодированные данные (монография) y###||||000|y
125 Кодированные данные звукозаписи и нотных изданий __
a Форма изложения нотного текста z|
128 Кодированные данные (звукозаписи-физические характеристики) __
a Кодированные данные: Музыкальная форма и тональность или лад ccn
b Инструменты или голоса, необходимые для ансамблей (устаревшее) cu||
c Инструменты или голоса, рекомендуемые для солистов (устаревшее) vu||
200 Заглавие и сведения об ответственности 1_
a Заглавие Песенник 1983
b Общее обозначение материала Ноты
e Сведения, относящиеся к заглавию мелодии и тексты
e Сведения, относящиеся к заглавию [для пения (соло, ансамбль) с букв.-цифр. обозначением сопровожд.]
f Первые сведения об ответственности сост. Э. Беляева
210 Выходные данные 1_
a Место издания Москва
c Издательство Музыка
d Дата издания 1983
215 Физическое описание __
a Объем 94 с.
d Формат 14 см
512 Заглавие обложки 1_
a Заглавие обложки Песенник 83
606 Тематические рубрики 0_
a Основная рубрика Песни советских композиторов
x Основная подрубрика Песенники
610 Ключевые слова 0_
a Ключевые слова песни советских композиторов
610 Ключевые слова 0_
a Ключевые слова песенники
686 Индексы других классификаций __
a Классификационный индекс 85.94-99-041(2)я438
2 Код системы rubbk
702 Вторичная интеллектуальная ответственность _1
a Фамилия Беляева
b Имя (инициалы) Э. В.
4 Код отношения 220
801 Источник записи _0
a Страна RU
b Организация Ульяновская ОНБ
c Дата составления 20200927
g Правила каталогизации RCR
801 Источник записи _1
a Страна RU
b Организация Ульяновская ОНБ
c Дата составления 20200927
g Правила каталогизации RCR
901 Тип документа __
t Тип документа m
909 Создатель записи __
a Создатель записи Грязнова И. Е.
938 Служебная информация __
a Имя БД noti
b Имя библиотеки УОНБ
c Имя АИБС МАРК-SQL
d Номер DOC_ID в БД 22876